Diffusion model of a new product

Difúzne modely optimálnej reklamnej stratégie pre nový produkt. Reklamné politiky pre difúzne modely. Špecifická funkčná forma. Model. Riešenie. Algoritmus. Numerické výsledky. Príklad.

Saved in:
Bibliographic Details
Main Author: Mikušová, Nora, 1978-
Format: Book Chapter
Language:English
Subjects:
Tags: Add Tag
No Tags, Be the first to tag this record!

MARC

LEADER 00000naa$a2200000$$$4500
001 0057654
005 20240502071641.6
041 0 |a eng 
044 |a SK 
245 1 0 |a Diffusion model of a new product  |c Nora Mikušová 
520 |a Difúzne modely optimálnej reklamnej stratégie pre nový produkt. Reklamné politiky pre difúzne modely. Špecifická funkčná forma. Model. Riešenie. Algoritmus. Numerické výsledky. Príklad. 
610 2 0 |a modely ekonomicko-matematické 
610 2 0 |a modely mikroekonomické 
610 2 0 |a reklama 
610 2 0 |a algoritmy 
100 1 |a Mikušová, Nora, 1978-